Statistics for Most Common Jobs In America

Click here to take the quiz!

General Stats

  • This quiz has been taken 37 times
  • The average score is 3 of 9

Answer Stats

HintAnswer% Correct
7.Teacher
83%
6.Server
71%
3.Registered Nurse
60%
2.Office Clerk
34%
8.Accountant
29%
9.Receptionist
29%
5.Janitor
23%
4.Customer Service Representative
6%
1.Retail Sales Representative
3%

Score Distribution

Percentile by Number Answered

Percent of People with Each Score

Your Score History

You have not taken this quiz